000
00340nam a22001577a 4500
003
SGT
020
_a
9789356062191
082
_a
620,CRA
100
_a
CRAIG JOHAN
245
_a
INTRODUCTION TO ROBOTICS
250
_a
4RTH
260
_a
INDIA
_b
PEARSON
_c
2023
300
_a
452
650
_a
MECHANICAL ENGINEERING
942
_2
ddc
_c
BK
_0
2
999
_c
25830
_d
25830